000 01072nam a2200277 u 4500
001 00020319
003 DO-SdBNP
005 20160513115553.0
007 00020319
008 100804s2002 dr a r 000 0 spa d
020 _a99934413X
040 _aBPMSU
_bspa
_cBPMSU
092 _a372.372
_b xxx
100 1 _aFerreiras, Francisca
245 1 0 _aEducación sexual 6 :
_beducación básica ; dirección editorial Obdulia García de Escobar ; ilustración Ruddy Núñez
_cFrancisca Ferreiras.
260 _aSanto Domingo :
_bSantillana ,
_c2002.
300 _a72 p. :
_bil. ;
_c28 cm.
490 1 _aÚmbral
_v6
505 _tLos niños y las niñas crecen y se desarrollan --
_tMis órganos genitales y la salud de mi cuerpo--
_tMi mundo familiar y social --
_tLa reproducción humana --
_tMi relación con la sociedad --
650 4 _aEDUCACIÓN SEXUAL PARA NIÑOS
_xENSEÑANZA PROGRAMADA
700 _aNúñez, Ruddy
_eil.
700 _a García de Escobar, Obdulia
830 0 _aÚmbral
_v6
942 _2ddc
_cBK
956 _aVMATEO
_b10
_c20160513
_lBPMSU
_h0069
999 _c10130
_d10130